<?xml version="1.0" encoding="UTF-8"?><?xml-stylesheet type="text/xsl" href="static/style.xsl"?><OAI-PMH xmlns="http://www.openarchives.org/OAI/2.0/" xmlns:xsi="http://www.w3.org/2001/XMLSchema-instance" xsi:schemaLocation="http://www.openarchives.org/OAI/2.0/ http://www.openarchives.org/OAI/2.0/OAI-PMH.xsd"><responseDate>2026-04-17T20:44:50Z</responseDate><request verb="GetRecord" identifier="oai:www.recercat.cat:10256/21688" metadataPrefix="marc">https://recercat.cat/oai/request</request><GetRecord><record><header><identifier>oai:recercat.cat:10256/21688</identifier><datestamp>2024-10-29T21:18:30Z</datestamp><setSpec>com_2072_453036</setSpec><setSpec>com_2072_2054</setSpec><setSpec>col_2072_453038</setSpec></header><metadata><record xmlns="http://www.loc.gov/MARC21/slim" xmlns:dcterms="http://purl.org/dc/terms/" xmlns:xsi="http://www.w3.org/2001/XMLSchema-instance" xmlns:doc="http://www.lyncode.com/xoai" xsi:schemaLocation="http://www.loc.gov/MARC21/slim http://www.loc.gov/standards/marcxml/schema/MARC21slim.xsd">
   <leader>00925njm 22002777a 4500</leader>
   <datafield ind2=" " ind1=" " tag="042">
      <subfield code="a">dc</subfield>
   </datafield>
   <datafield ind2=" " ind1=" " tag="720">
      <subfield code="a">Kokos, Isidoros</subfield>
      <subfield code="e">author</subfield>
   </datafield>
   <datafield ind2=" " ind1=" " tag="720">
      <subfield code="a">Meléndez i Frigola, Joaquim</subfield>
      <subfield code="e">author</subfield>
   </datafield>
   <datafield ind2=" " ind1=" " tag="720">
      <subfield code="a">González Font De Rubinat, Paula</subfield>
      <subfield code="e">author</subfield>
   </datafield>
   <datafield ind2=" " ind1=" " tag="720">
      <subfield code="a">Lamprinos, Ilias</subfield>
      <subfield code="e">author</subfield>
   </datafield>
   <datafield ind2=" " ind1=" " tag="720">
      <subfield code="a">Filho, Vinicius Gadelha T.</subfield>
      <subfield code="e">author</subfield>
   </datafield>
   <datafield ind2=" " ind1=" " tag="720">
      <subfield code="a">Gallart Fernández, Ramon</subfield>
      <subfield code="e">author</subfield>
   </datafield>
   <datafield ind2=" " ind1=" " tag="260">
      <subfield code="c">2022-06-02</subfield>
   </datafield>
   <datafield ind2=" " ind1=" " tag="520">
      <subfield code="a">Comunicació de congrés presentada a: CIRED Porto Workshop 2022: E-mobility and power distribution systems: Porto, Portugal, 2-3 June 2022</subfield>
   </datafield>
   <datafield ind2=" " ind1=" " tag="520">
      <subfield code="a">Distribution System Operators face a challenging&#xd;
environment largely affected by the ever-growing&#xd;
integration of Distributed Energy Resources. Especially,&#xd;
Electric Vehicles have a rapidly growing presence in the&#xd;
distribution grids, being both a challenge, but also an&#xd;
enabler for active network management. This work&#xd;
analyses the operation of charging infrastructures in&#xd;
coordination with the DSO in the context of the FEVER&#xd;
project. The objective of the project is to exploit control of&#xd;
power flow through DC/AC converters towards demand&#xd;
management and voltage compensation. The paper&#xd;
describes the different modules required to coordinate this&#xd;
operation in a flexibility market context. DSO support&#xd;
tools have been developed to forecast possible critical&#xd;
events and prepare a mitigation plan leveraging flexibility.&#xd;
Response to this flexibility demand is covered by Vehicleto-Grid charging stations, equipped with DC converters,&#xd;
capable of implementing flexibility strategies</subfield>
   </datafield>
   <datafield ind2=" " ind1=" " tag="520">
      <subfield code="a">The activities described in the paper are part of the FEVER&#xd;
project. The FEVER project has received funding from the&#xd;
European Union’s Horizon 2020 research and innovation&#xd;
programme under grant agreement No 864537</subfield>
   </datafield>
   <datafield tag="653" ind2=" " ind1=" ">
      <subfield code="a">Energia elèctrica -- Distribució -- Congressos</subfield>
   </datafield>
   <datafield tag="653" ind2=" " ind1=" ">
      <subfield code="a">Electric power distribution -- Congresses</subfield>
   </datafield>
   <datafield tag="653" ind2=" " ind1=" ">
      <subfield code="a">Energia -- Emmagatzematge -- Congressos</subfield>
   </datafield>
   <datafield tag="653" ind2=" " ind1=" ">
      <subfield code="a">Energy storage -- Congresses</subfield>
   </datafield>
   <datafield tag="653" ind2=" " ind1=" ">
      <subfield code="a">Vehicles elèctrics -- Bateries -- Congressos</subfield>
   </datafield>
   <datafield tag="653" ind2=" " ind1=" ">
      <subfield code="a">Electric vehicles -- Batteries -- Congresses</subfield>
   </datafield>
   <datafield ind2="0" ind1="0" tag="245">
      <subfield code="a">Leveraging bi-directional EV charging for flexibility services in the distribution grid - the case of fever project</subfield>
   </datafield>
</record></metadata></record></GetRecord></OAI-PMH>